000 00382pab a2200157 454500
008 180718b1999 xxu||||| |||| 00| 0 eng d
100 _aGadgil, D.R.
245 _aAn approach to Indian planning
260 _c1999
300 _ap.64-83
362 _aOct-Dec
650 _aEconomic planning - India
650 _aEconomic planning
773 _aIASSI Quarterly
909 _a46668
999 _c46668
_d46668